Techniques de laboratoire /
Guardado en:
| Autor Principal: | |
|---|---|
| Otros Autores: | |
| Formato: | Libro |
| Idioma: | French |
| Publicado: |
Paris :
Masson,
1954.
|
| Edición: | 2e éd. entièrement refondue et rev. |
| Etiquetas: |
Agregar Etiqueta
Sin Etiquetas, Sea el primero en etiquetar este registro!
|
| LEADER | 00748nam a22001935a 4500 | ||
|---|---|---|---|
| 001 | EEA.libagro000939 | ||
| 005 | 20141008113505.0 | ||
| 008 | 130809s1954####fr#a#####b####000#0#fre#d | ||
| 082 | 0 | 4 | |a 542.1 |
| 100 | 1 | |a Loiseleur, Jean, |d 1896- | |
| 245 | 1 | 0 | |a Techniques de laboratoire / |c secrétaire de la rédaction : J. Loiseleur, préface de M. J. Tréfouel. |
| 250 | |a 2e éd. entièrement refondue et rev. | ||
| 260 | |a Paris : |b Masson, |c 1954. | ||
| 300 | |a 2 v. : |b il. ; |c 23 cm. | ||
| 500 | |a La biblioteca posee: v. 1. Chimie physique. Chimie biologique. | ||
| 504 | |a Incluye bibliografías. | ||
| 505 | 0 | |a 1. Chimie physique. Chimie biologique. -- 2. Chimie clinique. | |
| 700 | 1 | |a Tréfouel, M. J. | |
| 859 | |a AR-BbBCA |b BIB. AGRONOMIA |h 542.1 |i L835a2 |p 1957/0072 | ||
